| 000 | 01570nam a2200361 a 4500 | ||
|---|---|---|---|
| 001 | ebr10040960 | ||
| 003 | CaPaEBR | ||
| 006 | m u | ||
| 007 | cr cn||||||||| | ||
| 008 | 991103s1999 dcua sb 000 0 eng | ||
| 010 | _z 99474280 | ||
| 020 | _z0309062829 | ||
| 040 |
_aCaPaEBR _cCaPaEBR |
||
| 035 | _a(OCoLC)43475660 | ||
| 050 | 1 | 4 |
_aGB1399.3 _b.G46 1999eb |
| 082 | 0 | 4 |
_a551.48/9/072073 _221 |
| 110 | 2 | _aGeological Survey (U.S.) | |
| 245 | 1 | 0 |
_aHydrologic hazards science at the U.S. Geological Survey _h[electronic resource] / _cCommittee on U.S. Geological Survey Water Resources Research, Water Science and Technology Board, Commission on Geosciences, Environment, and Resources, National Research Council. |
| 260 |
_aWashington, D.C. : _bNational Academy Press, _c1999. |
||
| 300 |
_axi, 79 p. : _bill. |
||
| 490 | 1 | _aThe Compass series | |
| 504 | _aIncludes bibliographical references (p. 70-75). | ||
| 533 |
_aElectronic reproduction. _bPalo Alto, Calif. : _cebrary, _d2013. _nAvailable via World Wide Web. _nAccess may be limited to ebrary affiliated libraries. |
||
| 610 | 2 | 0 | _aGeological Survey (U.S.) |
| 650 | 0 |
_aFloods _zUnited States. |
|
| 650 | 0 |
_aDroughts _zUnited States. |
|
| 650 | 0 |
_aFloods _xResearch _zUnited States. |
|
| 650 | 0 |
_aDroughts _xResearch _zUnited States. |
|
| 655 | 7 |
_aElectronic books. _2local |
|
| 710 | 2 | _aebrary, Inc. | |
| 830 | 0 | _aCompass series (Washington, D.C.) | |
| 856 | 4 | 0 |
_uhttp://site.ebrary.com/lib/rucke/Doc?id=10040960 _zAn electronic book accessible through the World Wide Web; click to view |
| 999 |
_c174454 _d174454 |
||